Ekonomika a řízení spotřebního průmyslu
Guardado en:
| Formato: | Seriadas |
|---|---|
| Lenguaje: | checo |
| Publicado: |
Praha
Výzkumný ústav techn.-ekon. spotřeb. prům.
1988
|
| Etiquetas: |
Sin Etiquetas, Sea el primero en etiquetar este registro!
|
MARC
| LEADER | 00000nas2a2200000 4500 | ||
|---|---|---|---|
| 001 | s032236 | ||
| 005 | 20250730114142.7 | ||
| 041 | 0 | |a cze | |
| 044 | |a CZ | ||
| 245 | 1 | 0 | |a Ekonomika a řízení spotřebního průmyslu |
| 264 | 1 | |a Praha |b Výzkumný ústav techn.-ekon. spotřeb. prům. |c 1988 | |
| 300 | |a 1 zv. | ||
| 773 | 0 | |w eu_un_cat*s121050 | |